Vízia ako produkt odvážnych manažérov kreatívneho podnikateľského prostredia
Tvorba vízie, jej vznik a aktualizácia. Komunikácia s víziou a jej realizácia. Vízia ako výsledok manažérov v podnikateľskom prostredí. Vízia v strategickom manažmente - jeden zo základných pilierov, o ktoré sa opiera skutočné vodcovstvo. Dôležitý nástroj pre tvorbu strategického riadenia.
Guardado en:
| Autor principal: | |
|---|---|
| Formato: | Capítulo de libro |
| Lenguaje: | eslovaco |
| Materias: | |
| Etiquetas: |
Sin Etiquetas, Sea el primero en etiquetar este registro!
|
MARC
| LEADER | 00000nla$a2200000$$$4500 | ||
|---|---|---|---|
| 001 | 0112222 | ||
| 005 | 20240502083258.8 | ||
| 041 | 0 | |a slo | |
| 044 | |a CZ | ||
| 245 | 1 | 0 | |a Vízia ako produkt odvážnych manažérov kreatívneho podnikateľského prostredia |c Ivana Hudáková |
| 520 | |a Tvorba vízie, jej vznik a aktualizácia. Komunikácia s víziou a jej realizácia. Vízia ako výsledok manažérov v podnikateľskom prostredí. Vízia v strategickom manažmente - jeden zo základných pilierov, o ktoré sa opiera skutočné vodcovstvo. Dôležitý nástroj pre tvorbu strategického riadenia. | ||
| 610 | 2 | 0 | |a vízie |
| 610 | 2 | 0 | |a manažéri |
| 610 | 2 | 0 | |a prostredie podnikateľské |
| 610 | 2 | 0 | |a podnik |
| 100 | 1 | |a Hudáková, Ivana, 1976- | |